000 nam a22 7a 4500
999 _c53172
_d53172
003 OSt
005 20220718162847.0
008 220718b xxu||||| |||| 00| 0 eng d
040 _cIIMT UNIVERSITY MEERUT
100 _aKAPOOR, MAURYA
245 _aELEMENTS OF MECHANICAL ENGG
260 _bBHARAT BHARTI
300 _a318
942 _2ddc
_c09